|
|
|
|
| LEADER |
00971nam a2200253 a 4500 |
| 001 |
2617678 |
| 008 |
090726r19981984 dcu 000 1 eng d |
| 999 |
|
|
|c 2879
|d 2879
|
| 010 |
|
|
|a 98047661
|
| 020 |
|
|
|a 0706994787
|
| 040 |
|
|
|a DLC
|c DLC
|d DLC
|
| 082 |
0 |
0 |
|a 843.7
|2 21
|
| 100 |
1 |
|
|a Dumas, Alexandre,
|d 1802-1870.
|9 32749
|
| 240 |
1 |
0 |
|a Trois mousquetaires.
|l English
|
| 245 |
1 |
4 |
|a The three musketeers /
|c Alexandre Dumas.
|
| 260 |
|
|
|a Washington, D.C. :
|b Regnery, ;
|a New Delhi :
|b Madhuban Eductional Books
|c c1984.[Reprinted 1998]
|
| 300 |
|
|
|a 138p. ;
|c 18 cm.
|
| 490 |
|
0 |
|a Madhuban Abridged classics
|
| 541 |
1 |
|
|e 00010020
|
| 650 |
|
0 |
|a Swordsmen
|x Fiction.
|9 32750
|
| 651 |
|
0 |
|a France
|x History
|y Louis XIII, 1610-1643
|x Fiction.
|9 32751
|
| 852 |
4 |
|
|a Ayesha Abed Library
|j General shelf
|
| 942 |
|
|
|2 ddc
|c BK
|
| 952 |
|
|
|0 0
|1 4
|2 ddc
|4 0
|6 843_700000000000000_DUM
|7 0
|9 9259
|a BRACUL
|b BRACUL
|c GEN
|d 2010-04-18
|l 11
|m 74
|o 843.7 DUM
|p 3010010020
|r 2018-10-17
|s 2018-03-05
|t 1
|w 2010-04-18
|y BK
|